ბათუმის შოთა რუსთაველის სახელმწიფო უნივერსიტეტის ბიბლიოთეკა

Некоторые вопросы морфологии и физиологии клетки (ბიბ.ჩანაწერი № 45080)

000 -LEADER
fixed length control field 00694nam a2200217Ia 4500
001 - CONTROL NUMBER
control field 11903
003 - CONTROL NUMBER IDENTIFIER
control field GE_BSU
008 - FIXED-LENGTH DATA ELEMENTS--GENERAL INFORMATION
fixed length control field 181216s||||||||xx |||||||||||||| ||und||
040 ## - CATALOGING SOURCE
Transcribing agency GE_BSU
080 ## - UNIVERSAL DECIMAL CLASSIFICATION NUMBER
Universal Decimal Classification number 57.571
100 ## - MAIN ENTRY--PERSONAL NAME
Personal name Насонов,Д.Н.
245 ## - TITLE STATEMENT
Title Некоторые вопросы морфологии и физиологии клетки
245 ## - TITLE STATEMENT
Remainder of title Избранные труды
245 ## - TITLE STATEMENT
Statement of responsibility, etc. Худ.Н.Ф.Виноградов
260 ## - PUBLICATION, DISTRIBUTION, ETC.
Place of publication, distribution, etc. Москва
260 ## - PUBLICATION, DISTRIBUTION, ETC.
Name of publisher, distributor, etc. Акад.Наук СССР
260 ## - PUBLICATION, DISTRIBUTION, ETC.
Date of publication, distribution, etc. 1963
300 ## - PHYSICAL DESCRIPTION
Extent 361стр.27см.илл.
653 ## - INDEX TERM--UNCONTROLLED
Uncontrolled term Некоторые вопросы морфологии и физиологии клетки
942 ## - ADDED ENTRY ELEMENTS (KOHA)
Koha item type წიგნი
ეგზემპლარები
Withdrawn status Lost status Damaged status Not for loan Date acquired Barcode Date last seen Price effective from Koha item type
        2018-12-17 20472 2018-12-17 2018-12-17 წიგნი